000
00288nam a2200121Ia 4500
008
190216s9999||||xx |||||||||||||| ||und||
100
_a
Yakovlev G N
245
0
_a
Highschool Mathematics Part2
260
_b
Mir Pubs Moscow
_c
1984
300
_a
445p
650
_a
Mathematics
942
_c
BK
999
_c
31029
_d
31029